Southville International School and Colleges
Your cart is empty.
  • Cart
  • Lists
    Public lists Eva Luna New books Lux_list list_1
    Your lists Log in to create your own lists
  • Log in to your account
  • Your cookies
  • Search history
Southville International School and Colleges
  • Advanced search
  • Recent comments
  • Most popular
  • Libraries

Log in to your account

Log in with GOOGLE


If you do not have an external account, but do have a local account, you can still log in:

  1. Home
  2. MARC view: Itchy, itchy chicken pox /
Normal view MARC view ISBD view

Itchy, itchy chicken pox / (Record no. 102831)

[ view plain ]
MARC details
000 -LEADER
fixed length control field 00641nam a2200217 a 4500
005 - DATE AND TIME OF LATEST TRANSACTION
control field 20140412111243.0
008 - FIXED-LENGTH DATA ELEMENTS--GENERAL INFORMATION
fixed length control field 010808s19uu xx 00 eng d
020 ## - INTERNATIONAL STANDARD BOOK NUMBER
International Standard Book Number 0-590-44948-6
050 ## - LIBRARY OF CONGRESS CALL NUMBER
Classification number ER
Item number It1 1992
100 ## - MAIN ENTRY--PERSONAL NAME
Personal name Maccarone, Grace
245 ## - TITLE STATEMENT
Title Itchy, itchy chicken pox /
Statement of responsibility, etc by Grace Maccaronel illustrated by Betsy Lewin.
260 ## - PUBLICATION, DISTRIBUTION, ETC. (IMPRINT)
Place of publication, distribution, etc New York :
Name of publisher, distributor, etc Scholastic Inc,
Date of publication, distribution, etc 1992.
300 ## - PHYSICAL DESCRIPTION
Extent 1v. (unp.); ill.
520 ## - SUMMARY, ETC.
Summary, etc Peppy rhymes present the humurous side to a common ailment.
650 ## - SUBJECT ADDED ENTRY--TOPICAL TERM
Topical term or geographic name as entry element Chicken pox-Fiction
650 ## - SUBJECT ADDED ENTRY--TOPICAL TERM
Topical term or geographic name as entry element Stories in rhyme
Holdings
Withdrawn status Lost status Damaged status Use restrictions Home library Current library Shelving location Date acquired Source of acquisition Total Checkouts Full call number Barcode Date last seen Price effective from Koha item type
        Elizalde Library Elizalde Library Easy Reading Section 08/08/2001     ER It1 1992 E2910 04/12/2014 04/12/2014 Books
        Elizalde Library Elizalde Library Easy Reading Section 08/08/2001     ER It1 1992 E2911 04/12/2014 04/12/2014 Books
        Elizalde Library Elizalde Library Easy Reading Section 08/08/2001     ER It1 1992 E2912 04/12/2014 04/12/2014 Books
        Elizalde Library Elizalde Library Easy Reading Section 07/25/2007     ER It1 1992 E10820 04/12/2014 04/12/2014 Books

Itchy, itchy chicken pox /

APA

Maccarone G., . (1992). Itchy, itchy chicken pox. New York: Scholastic Inc.

Chicago

Maccarone Grace, . 1992. Itchy, itchy chicken pox. New York: Scholastic Inc.

Harvard

Maccarone G., . (1992). Itchy, itchy chicken pox. New York: Scholastic Inc.

MLA

Maccarone Grace, . Itchy, itchy chicken pox. New York: Scholastic Inc. 1992.

  • Place hold
  • Print
  • Cite
  • Add to your cart (remove)
  • Save record
    BIBTEX Dublin Core MARCXML MARC (non-Unicode/MARC-8) MARC (Unicode/UTF-8) MARC (Unicode/UTF-8, Standard) MODS (XML) RIS
  • More searches
    Search for this title in:
    Other Libraries (WorldCat) Other Databases (Google Scholar) Online Stores (Bookfinder.com) Open Library (openlibrary.org)

Exporting to Dublin Core...

SOUTHVILLE LIBRARY

Southville International School and Colleges Library

1281 Tropical Ave. Cor. Luxembourg St., BF Homes International, Las Pinas City

Tel. No. 8256374 / 252358 Loc. 117/146

Powered by Koha